| 000 | 00368nam a2200145Ia 4500 | ||
|---|---|---|---|
| 008 | 150201s2007 xx 000 0 und d | ||
| 082 |
_a617.6 _bY2007M |
||
| 100 | _aMcIntyre,FREDERK | ||
| 245 | _aYEAR BOOK OF DENTISTRY 2007 | ||
| 250 | _a1ST | ||
| 260 |
_bELSEVIER _aDELHI _c2007 |
||
| 300 | _a1-340 | ||
| 650 | _aPREVENTIVE AND COMMUNITY DENTISTRY | ||
| 942 |
_2ddc _cBK |
||
| 999 |
_c3711 _d3711 |
||